000 01043nam a2200241 a 4500
003 BD-DhJNU
005 20260218085510.0
008 251108s2023 bg |||g |||| 000 1|ben|d
020 _a9789849659020
040 _aBD-DhJNU
_bben
_cBD-DhJNU
_dBD-DhJNU
041 _aben
082 _a950.21 SAM
_223
100 _aসাল্লাবি, আলি মুহাম্মদ
245 1 0 _aমোঙ্গল ও তাতারদের ইতিহাস (১ম -২য় খণ্ড) /
_cআলি মুহাম্মদ সাল্লাবি
246 _aMongol o tatard-er itihash
250 _a1st ed.
260 _aসিলেট :
_bকালান্তর প্রকাশনী,
_c2023.
300 _a৩৫৯ পৃ. :
_bচিত্র ;
_c২২ সেমি.।
504 _aগ্রন্থপঞ্জিগত নির্দেশিকা ও নিঘন্ট অন্তভূক্ত
650 _aমোঙ্গল সাম্রাজ্য
650 _aMongol Empire
942 _cBK
999 _c2635
_d2635